Т. 2; Физика взрыва

Λεπτομέρειες βιβλιογραφικής εγγραφής
Parent link:Физика взрыва: В 2 т./ под ред. Л. П. Орленко. Т. 2.— 3-е изд., испр..— , 2004-.— 5-9221-0218-4
Περίληψη:В книге в систематизированном виде излагается комплекс вопросов, касающихся закономерностей взрывных процессов и действия взрыва в различных средах (газах, жидкостях и твердых телах). Рассматриваются общие свойства взрывчатых веществ, механизм и условия их превращения в продукты детонации в зависимости от различных физико-механических факторов, основные закономерности детонации, параметры взрыва газовых смесей, метание тел продуктами детонации и формирование осколочных полей, кумуляция, электромагнитные поля, возникающие при взрыве, условия использования энергии взрывчатых веществ в промышленности, проблемы моделирования взрывных процессов, а также результаты численного решения многих задач, связанных с взрывными процессами. Второй том посвящен формированию осколочных полей, кумуляции, действию взрыва в твердой среде, электромагнитным полям, сопровождающим взрыв, моделированию взрывных процессов и использованию энергии взрыва в разных областях промышленности. Книга адресована широкому кругу специалистов, занимающихся физикой взрыва, аспирантам и студентам старших курсов.
Γλώσσα:Ρωσικά
Έκδοση: 2004
Θέματα:
Μορφή: Βιβλίο
KOHA link:https://koha.lib.tpu.ru/cgi-bin/koha/opac-detail.pl?biblionumber=79843

MARC

LEADER 00000nam2a2200000 4500
001 79843
005 20231101213057.0
010 |a 5922102206 
035 |a (RuTPU)RU\TPU\book\85835 
090 |a 79843 
100 |a 20050829d2004 k y0rusy50 ca 
101 0 |a rus 
102 |a RU 
105 |a a z 001zy 
200 0 |a Т. 2 
210 |d 2004 
215 |a 649 с.  |c ил. 
320 |a Библиогр.: с. 609-644 
330 |a В книге в систематизированном виде излагается комплекс вопросов, касающихся закономерностей взрывных процессов и действия взрыва в различных средах (газах, жидкостях и твердых телах). Рассматриваются общие свойства взрывчатых веществ, механизм и условия их превращения в продукты детонации в зависимости от различных физико-механических факторов, основные закономерности детонации, параметры взрыва газовых смесей, метание тел продуктами детонации и формирование осколочных полей, кумуляция, электромагнитные поля, возникающие при взрыве, условия использования энергии взрывчатых веществ в промышленности, проблемы моделирования взрывных процессов, а также результаты численного решения многих задач, связанных с взрывными процессами. Второй том посвящен формированию осколочных полей, кумуляции, действию взрыва в твердой среде, электромагнитным полям, сопровождающим взрыв, моделированию взрывных процессов и использованию энергии взрыва в разных областях промышленности. Книга адресована широкому кругу специалистов, занимающихся физикой взрыва, аспирантам и студентам старших курсов. 
461 1 |0 (RuTPU)RU\TPU\book\86953  |y 5-9221-0218-4  |t Физика взрыва  |o В 2 т.  |f под ред. Л. П. Орленко  |v Т. 2  |e 3-е изд., испр.  |d 2004- 
606 |a Взрыв  |x Физика  |2 stltpush  |3 (RuTPU)RU\TPU\subj\51891  |9 70394 
610 1 |a взрывы 
610 1 |a физика 
610 1 |a детонация 
610 1 |a взрывные системы 
610 1 |a осколочные действия 
610 1 |a кумуляция 
610 1 |a электромагнитные явления 
610 1 |a взрывчатые вещества 
610 1 |a твердые тела 
610 1 |a взрывные процессы 
610 1 |a моделирование 
610 1 |a материалы 
610 1 |a обработка 
675 |a 533.7  |v 3 
801 1 |a RU  |b 63413507  |c 20050829  |g PSBO 
801 2 |a RU  |b 63413507  |c 20190916  |g PSBO 
942 |c BK